000 00345 a2200109 4500
001 ART_5616
005 20260410161828.0
008 260409a
245 1 0 _aEl neoliberalismo y el desarrollo económico
100 1 _aGutiérrez, Ricardo Raúl
773 0 _tEstudios Económicos
_g- Vol. 7, Nº 13/14 (ene./dic. 1989)
_wREV5080
999 _c22923
_d22923